000 00316nam a22001337a 4500
008 190304b xxu||||| |||| 00| 0 eng d
020 _a9780791430361
041 _aeng
080 _a821
100 _a22
101 _aGJL
245 _aAllegories of Transgression and Transformation
_cTello, M.B
942 _2udc
_cBK
999 _c54447
_d54447